Diseños mexicanos (Record no. 1290)

MARC details
000 -CABECERA
campo de control de longitud fija 00577nam a2200193 a 4500
001 - NÚMERO DE CONTROL
campo de control BRCA_1428
005 - FECHA Y HORA DE LA ÚLTIMA TRANSACCIÓN
campo de control 20190320203426.0
008 - DATOS DE LONGITUD FIJA--INFORMACIÓN GENERAL
campo de control de longitud fija 841128s1990 spaa---##b---#001-0#spa-d
020 ## - NÚMERO INTERNACIONAL ESTÁNDAR DEL LIBRO
Número Internacional Estándar del Libro 8476300557
050 #4 - SIGNATURA TOPOGRÁFICA DE LA BIBLIOTECA DEL CONGRESO
Número de clasificación F1219.3
Número de documento/Ítem .S29 1990
100 1# - ENTRADA PRINCIPAL--NOMBRE DE PERSONA
Nombre de persona Sayer, Chloë
9 (RLIN) 4413
245 10 - MENCIÓN DE TÍTULO
Título Diseños mexicanos
Resto del título arte y decoración
Mención de responsabilidad, etc. Chloë Sayer.
260 ## - PUBLICACIÓN, DISTRIBUCIÓN, ETC.
Lugar de publicación, distribución, etc. Madrid
Nombre del editor, distribuidor, etc. Libsa
Fecha de publicación, distribución, etc. 1990
300 ## - DESCRIPCIÓN FÍSICA
Extensión 22 p.
Otras características físicas il. a color, 100 láminas
Dimensiones 38 cm.
504 ## - NOTA DE BIBLIOGRAFÍA, ETC.
Nota de bibliografía, etc. Bibliografía: p. [124]
650 14 - PUNTO DE ACCESO ADICIONAL DE MATERIA--TÉRMINO DE MATERIA
Término de materia o nombre geográfico como elemento de entrada Industria textil indígena
Subdivisión geográfica México
9 (RLIN) 4675
650 14 - PUNTO DE ACCESO ADICIONAL DE MATERIA--TÉRMINO DE MATERIA
Término de materia o nombre geográfico como elemento de entrada Tejido
Subdivisión geográfica México
9 (RLIN) 4676
942 ## - ELEMENTOS DE PUNTO DE ACCESO ADICIONAL (KOHA)
Fuente del sistema de clasificación o colocación Library of Congress Classification
Tipo de ítem Koha Libros
Holdings
Estado de retiro Estado de pérdida Estado dañado No para préstamo Localización permanente Ubicación/localización actual Fecha de adquisición Total de préstamos Signatura topográfica completa Código de barras Fecha visto por última vez Precio válido a partir de Tipo de ítem Koha
El ejemplar forma parte de la colección y puede ser consultado según las políticas vigentes.       Biblioteca del Museo Franz Mayer (Rogerio Casas-Alatriste) Biblioteca del Museo Franz Mayer (Rogerio Casas-Alatriste) 26/06/2008   F1219.3 .S29 1990 01955 22/03/2019 22/03/2019 Libros